000
00304nam a2200121Ia 4500
008
230907s9999||||xx |||||||||||||| ||und||
082
_a
6.3
_b
RUS
100
_a
Russell, Stuart J.
_9
84030
245
0
_a
Artificial intelligence :
260
_a
Pearson,
_b
Noida :
_c
2019
300
_a
1145 p. :
942
_c
BK
999
_c
600225
_d
600225